Principles of Soil Chemistry (Record no. 6286)

MARC details
000 -LEADER
fixed length control field 00575nam a22002177a 4500
003 - CONTROL NUMBER IDENTIFIER
control field OSt
005 - DATE AND TIME OF LATEST TRANSACTION
control field 20210315124944.0
008 - FIXED-LENGTH DATA ELEMENTS--GENERAL INFORMATION
fixed length control field 190902b ||||| |||| 00| 0 eng d
020 ## - INTERNATIONAL STANDARD BOOK NUMBER
International Standard Book Number 9781439813928
040 ## - CATALOGING SOURCE
Transcribing agency DDC
082 ## - DEWEY DECIMAL CLASSIFICATION NUMBER
Classification number 631.41 TAN 2011
100 ## - MAIN ENTRY--PERSONAL NAME
Personal name Tan, Kim H.
9 (RLIN) 12903
245 ## - TITLE STATEMENT
Title Principles of Soil Chemistry
250 ## - EDITION STATEMENT
Edition statement 4th ed.
260 ## - PUBLICATION, DISTRIBUTION, ETC. (IMPRINT)
Place of publication, distribution, etc. London;
Name of publisher, distributor, etc. CRC Press,
Date of publication, distribution, etc. 2011
300 ## - PHYSICAL DESCRIPTION
Extent xxvii,362p;
Other physical details ill:
Dimensions 26cm
504 ## - BIBLIOGRAPHY, ETC. NOTE
Bibliography, etc Appendices, references, & index included
650 ## - SUBJECT ADDED ENTRY--TOPICAL TERM
Topical term or geographic name as entry element Soil chemistry
9 (RLIN) 12776
650 ## - SUBJECT ADDED ENTRY--TOPICAL TERM
Topical term or geographic name as entry element Agriculture
9 (RLIN) 4591
942 ## - ADDED ENTRY ELEMENTS (KOHA)
Source of classification or shelving scheme Other/Generic Classification Scheme
Koha item type Book Bank
Holdings
Withdrawn status Lost status Source of classification or shelving scheme Damaged status Not for loan Home library Current library Date acquired Source of acquisition Inventory number Total Checkouts Full call number Barcode Date last seen Koha item type
    Dewey Decimal Classification     MUST Main Library MUST Main Library 02/09/2019 Purchase 19/40963   631.41 TAN 2011 2019-0351 02/09/2019 Open Shelf
    Dewey Decimal Classification     MUST Main Library MUST Main Library 02/09/2019 Purchase 19/40964   631.41 TAN 2011 2019-0352 02/09/2019 Open Shelf
    Dewey Decimal Classification     MUST Main Library MUST Main Library 02/09/2019 Purchase 19/40965   631.41 TAN 2011 2019-0353 02/09/2019 Open Shelf